| 000 | 01156nam0a2200337 i 4500 | ||
|---|---|---|---|
| 001 | RU\NLR\BIBL_A\010590439 | ||
| 005 | 20240725022849.0 | ||
| 010 |
_a9785516002618 _95030 |
||
| 021 |
_aRU _b2014-87940 _95349 |
||
| 035 | _a(NILC)RuMoRGB-007827813 | ||
| 035 | _a(NLR Aleph) 010590439 | ||
| 090 |
_a10500669 _c10500669 |
||
| 100 | _a20150122d2014 m y0rusy50 ca | ||
| 101 | 0 | _arus | |
| 102 | _aRU | ||
| 105 | _ay|||z|||000ay | ||
| 200 | 1 |
_aИнфильтрация _fАндрей Земляной |
|
| 210 |
_aСанкт-Петербург _cЛенинград _d2014 |
||
| 215 |
_a360, [3] с. _d21 |
||
| 225 | 1 | _aБоевая фантастика | |
| 311 | _aЦикл Андрея Земляного Агрессия | ||
| 333 | _a16+ | ||
| 488 | 0 |
_12001#$aАгрессия$fАндрей Земляной _tАгрессия |
|
| 686 | 2 | _aШ6(2=Р)8-445 | |
| 700 | 1 |
_aЗемляной _bА. Б. _f1964- _gАндрей Борисович |
|
| 801 | 0 |
_aRU _bРГБ _c20141125 _gRCR |
|
| 942 | _cBOOK | ||
| 980 | _aNBR | ||